Language Quiz

Random Language or Animal Quiz

German - African Animals Quiz Stats

 Plays Quiz not verified by Sporcle

Score 0/20 Timer 06:00
0 Plays Today
English German % Correct
ZebraZebra
93.9%
GiraffeGiraffe
87.9%
CrocodileKrokodil
81.8%
BatFledermaus
78.8%
CamelKamel
75.8%
HippopotamusNilpferd
63.6%
LeopardLeopard
63.6%
CheetahGepard
51.5%
ParrotPapagei
51.5%
RhinocerosNashorn
51.5%
English German % Correct
VultureGeier
51.5%
OstrichStrauß
48.5%
Water buffaloWasserbüffel
48.5%
HyenaHyäne
45.5%
WarthogWarzenschwein
45.5%
JackalSchakal
39.4%
BaboonPavian
36.4%
MeerkatErdmännchen
36.4%
Flying fox/Fruit batFlughund
27.3%
MongooseManguste
21.2%

You're not logged in!

Compare scores with friends on all Sporcle quizzes.
OR
Log In

Sporcle TV

Today on Sporcle TV


Watch our educational content, quiz creation guides, and fun videos on Sporcle TV.

Show Comments

Extras

Top Quizzes Today


Score Distribution

Your Account Isn't Verified!

In order to create a playlist on Sporcle, you need to verify the email address you used during registration. Go to your Sporcle Settings to finish the process.

Report this User

Report this user for behavior that violates our Community Guidelines.

Details: